Diary of a hustler /

Gespeichert in:
Bibliographische Detailangaben
1. Verfasser: Joey (Verfasst von)
Format: Buch
Sprache:Englisch
Veröffentlicht: London : Prowler Books, 1997
Schriftenreihe:Just eighteen series
Tags: Tag hinzufügen
Keine Tags, Fügen Sie das erste Tag hinzu!

MARC

LEADER 00000nam a22000007i 4500
001 IT\ICCU\UBO\2286336
003 ItRI
005 20260115231830.0
008 030908s1997 xxk|||||| ||||| |||||c
020 |a 0952464764 
040 |b ita  |c importazione bologna sebina 
041 7 |a eng  |2 ISO-639-2 
100 0 |a Joey  |0 IT\ICCU\UBOV\826890  |4 aut 
245 1 0 |a Diary of a hustler /  |c by Joey. 
260 |a London :  |b Prowler Books,  |c 1997 
300 |a 140 p. ;  |c 18 cm. 
830 0 |a Just eighteen series  |0 IT\ICCU\UBO\2286359 
942 |2 ddc  |c BK  |n 0 
952 |0 0  |1 0  |4 0  |6 DOC_813_540000000000000_JOE  |7 0  |9 13785  |a BO  |b BO  |d 2026-01-15  |i 7612  |l 0  |o DOC 813.54 JOE  |p BO7612  |r 2026-01-15 23:18:30  |w 2026-01-15  |x [Sebina 5] [1 v.]  |y BK  |z 1 v. 
999 |c 11861  |d 11861